| 000 | 00732nam a2200229 4500 | ||
|---|---|---|---|
| 003 | OSt | ||
| 005 | 20240725024805.0 | ||
| 006 | a | ||
| 008 | 240725b |||||||| |||| 00| 0 eng d | ||
| 020 | _a9780470083598 | ||
| 040 |
_aDWCL-HMN lib. _cOC |
||
| 082 |
_2Second edition _aCirc. 647.94068 Eh61h 2010 |
||
| 100 | _aEnz, Cathy A | ||
| 245 | _aHospitality strategic management : concepts and cases / | ||
| 250 | _aSecond edition | ||
| 260 |
_aN.J. : _bJohn Wiley & Sons, _cc2010. |
||
| 300 |
_axviii, _b676p. : ill. ; _c24 cm. |
||
| 504 | _aIncludes bibliographical references & index. | ||
| 650 | _a1. Hospitality industry-Management. | ||
| 650 | _a2. Strategic Planning. | ||
| 942 |
_2ddc _n0 _cBK-CIRC _eSecond edition _kCirc. |
||
| 999 |
_c2708 _d2708 |
||